ბათუმის შოთა რუსთაველის სახელმწიფო უნივერსიტეტის ბიბლიოთეკა

Регулирование плодородия почвы (ბიბ.ჩანაწერი № 45840)

000 -LEADER
fixed length control field 00594nam a2200217Ia 4500
001 - CONTROL NUMBER
control field 12669
003 - CONTROL NUMBER IDENTIFIER
control field GE_BSU
008 - FIXED-LENGTH DATA ELEMENTS--GENERAL INFORMATION
fixed length control field 181216s||||||||xx |||||||||||||| ||und||
040 ## - CATALOGING SOURCE
Transcribing agency GE_BSU
080 ## - UNIVERSAL DECIMAL CLASSIFICATION NUMBER
Universal Decimal Classification number 631.4
100 ## - MAIN ENTRY--PERSONAL NAME
Personal name Кук,Дж.У.
245 ## - TITLE STATEMENT
Title Регулирование плодородия почвы
245 ## - TITLE STATEMENT
Statement of responsibility, etc. Пер.с англ.Э.И.Шконде
260 ## - PUBLICATION, DISTRIBUTION, ETC.
Place of publication, distribution, etc. Москва
260 ## - PUBLICATION, DISTRIBUTION, ETC.
Name of publisher, distributor, etc. Колос
260 ## - PUBLICATION, DISTRIBUTION, ETC.
Date of publication, distribution, etc. 1970
300 ## - PHYSICAL DESCRIPTION
Extent 250стр.26см.
300 ## - PHYSICAL DESCRIPTION
Accompanying material Таблицы с.180
653 ## - INDEX TERM--UNCONTROLLED
Uncontrolled term Регулирование плодородия почвы
942 ## - ADDED ENTRY ELEMENTS (KOHA)
Koha item type წიგნი
ეგზემპლარები
Withdrawn status Lost status Damaged status Not for loan Date acquired Barcode Date last seen Price effective from Koha item type
        2018-12-17 20988 2018-12-17 2018-12-17 წიგნი